[Event "IND-ch U11 Girls"]
[Site "Sivagangai Tamilnadu"]
[Date "2018.08.01"]
[Round "7.10"]
[White "Sagar, Siya"]
[Black "Chavan, Dakshayani Tushar"]
[Result "1-0"]
[WhiteElo "1522"]
[BlackElo "1154"]
[PlyCount "127"]
[EventDate "2018.07.28"]
[EventType "swiss"]
[EventRounds "11"]
[EventCountry "IND"]
[SourceTitle "EXT 2024"]
[Source "ChessBase"]
[SourceDate "2023.10.10"]
[SourceVersion "1"]
[SourceVersionDate "2023.10.10"]
[SourceQuality "1"]

1. e4 c5 2. Nf3 e6 3. d4 cxd4 4. Nxd4 a6 5. Nc3 Qc7 6. Be3 Nf6 7. Bd3 d6 8. 0-0 b6 9. f4 Nbd7 10. Qf3 Bb7 11. Qg3 g6 12. Rae1 Bg7 13. f5 Nh5 14. Qh3 e5 15. Nde2 0-0 16. g4 Nhf6 17. g5 Nxe4 18. Bxe4 Bxe4 19. Nxe4 d5 20. N2c3 Qc6 21. f6 Bh8 22. Rf3 h5 23. gxh6 Bxf6 24. Qxd7 Qxd7 25. Nxf6+ Kh8 26. Nxd7 Rfd8 27. Nxb6 Rab8 28. Ncxd5 f5 29. Bc5 e4 30. Rh3 Kh7 31. Bd4 Rxb6 32. Nf6+ Rxf6 33. Bxf6 Rf8 34. Rd1 Rxf6 35. Rd7+ Kh8 36. h7 Rf8 37. c4 f4 38. Kf2 g5 39. Rh6 g4 40. Rg6 e3+ 41. Kf1 f3 42. Rg8+ Rxg8 43. hxg8Q+ Kxg8 44. Rd3 e2+ 45. Kf2 Kf7 46. Rd4 Kf6 47. Rxg4 Kf5 48. Rg3 Ke4 49. c5 Kd5 50. Rxf3 e1Q+ 51. Kxe1 Kxc5 52. h4 Kd5 53. h5 Ke4 54. Rf2 Ke5 55. h6 Kd4 56. h7 Kc5 57. h8Q Kd5 58. Qc8 a5 59. Rd2+ Ke5 60. Qe8+ Kf4 61. Rf2+ Kg3 62. Qg8+ Kh3 63. Rf7 Kh2 64. Rh7# 1-0